| 000 | 00562nam a2200229 a 4500 | ||
|---|---|---|---|
| 999 |
_c4557 _d4557 |
||
| 001 | 4557 | ||
| 003 | BD-JhCC | ||
| 005 | 20171128173925.0 | ||
| 008 | 171128b19501962e |||| || | 001 0 eng d | ||
| 035 | _a(BD-JhCC)4557 | ||
| 040 |
_aBD-JhCC _dBD-JhCC |
||
| 041 | _aeng | ||
| 082 |
_a949.4 _bRUS 1962 |
||
| 100 | _aRussell, John | ||
| 245 |
_aSwitzerland / _cJohn Russell, |
||
| 260 |
_aLondon : _bB. T. Batsford Ltd London, _c1962. |
||
| 300 |
_a192 p. : _c18 cm. |
||
| 504 | _aincludes Index | ||
| 650 | _aSwitzerland | ||
| 942 |
_2ddc _cBK |
||